Statistics for Books to Authors #27

Click here to take the quiz!

General Stats

  • This quiz has been taken 71 times
  • The average score is 4 of 14

Answer Stats

BookAuthor% Correct
OthelloWilliam Shakespeare
94%
Death of a SalesmanArthur Miller
70%
The Old Curiosity ShopCharles Dickens
58%
A Briefer History of TimeStephen Hawking
55%
SiddharthaHerman Hesse
28%
Doctor FaustusThomas Mann
26%
Salka ValkaHalldór Laxness
9%
Notes on a ScandalZoë Heller
9%
The ReaderBernhard Schlink
6%
The LuminariesEleanor Catton
4%
The Vagina MonologuesEva Ensler
2%
Our AncestorsItalo Calvino
2%
Sister OutsiderAudre Lorde
0%
ShantaramGregory David Roberts
0%

Score Distribution

Percentile by Number Answered

Percent of People with Each Score

Your Score History

You have not taken this quiz